000 00261nam a22001217a 4500
008 171027b xxu||||| |||| 00| 0 eng d
041 _aeng
080 _a338
100 _a55
101 _aMEN
245 _aFINANCIAL MANAGEMENT
_cBROOKS.R.M
942 _2udc
_cBK
999 _c35985
_d35985